| 000 | 00964nam a2200205 i 4500 | ||
|---|---|---|---|
| 001 | 160986 | ||
| 003 | ES-MaACL | ||
| 005 | 20231226174859.0 | ||
| 008 | 940301s1889 sp |||| | spa | ||
| 100 | 1 |
_aOlmedilla y Puig, Joaquín, _d1842-1914 _986949 |
|
| 245 | 1 | 0 |
_aBosquejo biográfico del popular escritor de costumbres D. Ramón de Mesonero Romanos (El Curioso Parlante) / _cpor Joaquín Olmedilla y Puig. |
| 260 |
_aMadrid : _b[s.n.], _c1889 ( _fTip. de Manuel G. Hernandez) |
||
| 300 |
_a56 p., [1] h. de lám. ; _c23 cm. |
||
| 530 | _aDisponible en formato digital. | ||
| 599 | _aLám. lit.: retrato de Mesonero Romanos. | ||
| 600 | 1 | 4 |
_aMesonero Romanos, Ramón de, _d1803-1882 _980672 |
| 852 |
_aES-MaACL _jT-534-F-4 _z- Enc. hol. conservando cub. original _z- Ded. ms. del autor al presidente del Ateneo _z- Enc. en un vol. facticio |
||
| 856 |
_uhttps://archive.org/details/bosquejobiogrfic00olme _zInternet Archive |
||
| 999 |
_c160986 _d160986 |
||